Baby Names: Girls (1920s) Quiz Stats

Quiz Updated Jul 10, 2012

Challenge
Share
Tweet
Embed
Score 0/100 Timer 10:00
5 Plays Today
Rank Name % Correct
1Mary
90.6%
11Elizabeth
83.5%
51Ann
83%
81Anne
73.1%
27Catherine
71%
5Margaret
69.9%
58Sarah
69.7%
13Anna
69.1%
63Katherine
69.1%
56Jane
68.7%
24Rose
62%
4Betty
60.5%
3Helen
58.3%
14Marie
57.6%
77Laura
57%
60Joan
55.9%
6Ruth
54.6%
30Patricia
54.2%
59Emma
53.7%
18Barbara
52.9%
2Dorothy
52.6%
16Jean
50.1%
62Nancy
49.3%
100Ellen
49%
15Alice
48.9%
23Martha
48.7%
10Frances
48.5%
43Grace
47.3%
26Louise
46.8%
66Julia
46.4%
32Annie
45.3%
29Eleanor
40.7%
64Gertrude
40.4%
78Charlotte
39.9%
Rank Name % Correct
74Theresa
38.8%
12Evelyn
38.3%
8Doris
38.1%
45June
37.7%
39Edith
37.6%
85Kathleen
37%
83Kathryn
37%
41Ethel
37%
33Josephine
36.8%
70Bertha
36.5%
52Esther
35.7%
95Ella
35.3%
7Virginia
34.9%
9Mildred
34.8%
53Beatrice
34.7%
19Irene
34.3%
71Eva
34.3%
21Florence
34.1%
25Lillian
33.7%
35Edna
33.6%
38Lucille
33.2%
82Marilyn
33.1%
37Pauline
31.6%
55Clara
31.6%
93Violet
31.3%
28Ruby
31.2%
22Lois
30%
17Shirley
29.7%
67Agnes
29.3%
99Eileen
28.3%
80Elaine
27.9%
68Wilma
27.9%
40Gloria
27.8%
49Rita
27.8%
Rank Name % Correct
79Ida
27.6%
69Marian
27.6%
31Gladys
27.5%
87Pearl
27.5%
76Wanda
26.7%
75Vivian
26%
47Marion
25.7%
34Thelma
25.5%
42Phyllis
25.4%
88Vera
24.7%
36Norma
24.7%
44Hazel
24.7%
20Marjorie
24.5%
61Joyce
24.4%
73Audrey
23.4%
48Dolores
23.4%
97Jessie
23%
46Bernice
22.8%
89Bessie
22.6%
57Geraldine
22.5%
94Nellie
22.5%
98Jeanne
21.6%
65Elsie
20.6%
86Viola
20.6%
92Beverly
20.2%
90Myrtle
19.6%
50Lorraine
19.4%
91Alma
19.1%
96Lillie
18.4%
72Willie
17%
54Juanita
15.5%
84Maxine
14.5%

You're not logged in!

Compare scores with friends on all Sporcle quizzes.
Sign Up with Email
OR
Log In

You Might Also Like...

Show Comments

Extras

Top Quizzes Today


Score Distribution

Your Account Isn't Verified!

In order to create a playlist on Sporcle, you need to verify the email address you used during registration. Go to your Sporcle Settings to finish the process.